000 00309nam a2200121Ia 4500
008 230907s9999||||xx |||||||||||||| ||und||
082 _a658.477
100 _aGustin, Joseph F.,
_936364
245 0 _aBioterrorism :
260 _aFairmont Press,
_bLilburn, Ga. :
_c2005
300 _aix, 269 p. :
942 _cBK
999 _c599538
_d599538